Ekonomická udržateľnosť vo franchisingu habilitačná prednáška

Salvato in:
Dettagli Bibliografici
Autore principale: Orgonáš, Jozef, 1957-
Ente Autore: Ekonomická univerzita v Bratislave. Obchodná fakulta
Natura: Libro
Lingua:slovacco
Pubblicazione: Bratislava Vydavateľstvo EKONÓM 2021
Edizione:1. vydanie
Serie:Habilitačné a inauguračné prednášky
Soggetti:
Tags: Aggiungi Tag
Nessun Tag, puoi essere il primo ad aggiungerne!!

MARC

LEADER 00000nam a2200000 4500
001 0280117
005 20240416114144.6
020 |a 978-80-225-4867-0 
041 0 |a slo 
044 |a SK 
245 1 0 |a Ekonomická udržateľnosť vo franchisingu  |b habilitačná prednáška  |c Jozef Orgonáš 
250 |a 1. vydanie 
264 1 |a Bratislava  |b Vydavateľstvo EKONÓM  |c 2021 
300 |a 89 s. 
490 1 |a Habilitačné a inauguračné prednášky 
830 0 |a Habilitačné a inauguračné prednášky 
610 2 0 |a franchising 
610 2 0 |a predaj 
610 2 0 |a podnikanie 
610 2 0 |a financovanie 
610 2 0 |a marketing 
100 1 |a Orgonáš, Jozef, 1957- 
710 2 |a Ekonomická univerzita v Bratislave. Obchodná fakulta